| 000 | 00763nam a2200241 a 4500 | ||
|---|---|---|---|
| 008 | |||
| 020 | _a0198552025 (pbk.) | ||
| 049 | _aMAIN | ||
| 090 | _aQD96.N8 | ||
| 100 | 1 | 0 | _aSanders, Jeremy K. M. |
| 245 | 1 | 0 |
_aModern NMR spectroscopy : _ba guide for chemists / _cJeremy K.M. Sanders and Brian K. Hunter. |
| 260 | 0 |
_aOxford : _bOxford University Press, _c1987. |
|
| 300 |
_axii, 308 p. : _bill. ; _c25 cm. |
||
| 500 | _aIncludes bibliographical references. | ||
| 500 | _aIncludes index. | ||
| 650 | 0 | _aNuclear magnetic resonance spectroscopy. | |
| 700 | 1 | 0 | _aHunter, Brain K. |
| 907 |
_a.b1012407x _b02-06-04 _c01-06-04 |
||
| 003 | |||
| 005 | 20230123133725.0 | ||
| 040 | _cNUST | ||
| 942 |
_cBOOKS _kQD96.N8 |
||
| 999 |
_c153520 _d153520 |
||